00703nam a22002057a 4500003000900000005001700009007000300026008004100029040002500070082001500095100003600110245007900146260004700225300002100272590002700293910001400320942001400334952013200348999001700480DO-SdBNP20220524090350.0ta110301s2005 dr 000 0 spa d aDO-SdBNPbspacBNPHU 4axxxxbO77f1 aOrtiz Valenzuela, Sergio95301810aFormularios del nuevo proceso penal dominicano /cSergio Ortiz Valenzuela  aSanto Domingo :bLa Filantrópica,c2005. a107 p. :c21 cm. aInventariado, 2022/ YL aYLockward 2ddccLBS1 00102ddc53708PDaBNPHUbBNPHUcHDd2021-04-19eKatherine Rodríguezl0oxxxx O77fp2022-2337r2022-05-24w2022-05-24yLBS1 c51792d51792